|
|
|
|
| LEADER |
00000nam0a2200000 4500 |
| 001 |
291545 |
| 005 |
20231102000412.0 |
| 035 |
|
|
|a (RuTPU)RU\TPU\book\316123
|
| 090 |
|
|
|a 291545
|
| 100 |
|
|
|a 20150415d1984 m y0rusy50 ca
|
| 101 |
0 |
|
|a rus
|
| 102 |
|
|
|a RU
|
| 105 |
|
|
|a a j 001zy
|
| 200 |
1 |
|
|a Лабораторный практикум по курсу "Экономика машиностроительной промышленности"
|e учебное пособие для вузов
|f под ред. Э. В. Минько, А. С. Запаснюка
|
| 210 |
|
|
|a Москва
|c Высшая школа
|d 1984
|
| 215 |
|
|
|a 173 с.
|c ил.
|
| 225 |
1 |
|
|a Учебное пособие для вузов
|
| 320 |
|
|
|a Библиогр.: с. 175.
|
| 606 |
1 |
|
|a Машиностроение
|x Экономика
|2 stltpush
|3 (RuTPU)RU\TPU\subj\41496
|9 61286
|
| 610 |
1 |
|
|a управление
|
| 610 |
1 |
|
|a планирование
|
| 610 |
1 |
|
|a ресурсы
|
| 610 |
1 |
|
|a продукция
|
| 610 |
1 |
|
|a цена
|
| 610 |
1 |
|
|a себестоимость
|
| 610 |
1 |
|
|a лабораторные работы
|
| 610 |
1 |
|
|a учебные пособия
|
| 675 |
|
|
|a 621.002:658(076.5)
|v 3
|
| 702 |
|
1 |
|a Минько
|b Э. В.
|4 340
|
| 702 |
|
1 |
|a Запаснюк
|b А. С.
|4 340
|
| 801 |
|
1 |
|a RU
|b 63413507
|c 20150415
|
| 801 |
|
2 |
|a RU
|b 63413507
|c 20220601
|g RCR
|
| 942 |
|
|
|c BK
|